LCA and reach (Record no. 113786)

MARC details
000 -LEADER
fixed length control field 00828cam a22002415a 4500
001 - CONTROL NUMBER
control field L155741
008 - FIXED-LENGTH DATA ELEMENTS--GENERAL INFORMATION
fixed length control field 120413s2012 xxko f 000 0 eng d
020 ## - INTERNATIONAL STANDARD BOOK NUMBER
International Standard Book Number 9781848062573
035 ## - SYSTEM CONTROL NUMBER
System control number (Sirsi) u155741
041 0# - LANGUAGE CODE
Language code of text/sound track or separate title eng
100 1# - MAIN ENTRY--PERSONAL NAME
Personal name Crookes, Mike
245 00 - TITLE STATEMENT
Title LCA and reach
Remainder of title the relationship between life-cycle assessment and the regulation on the registration, evaluation, authorisation and restriction of chemicals.
260 ## - PUBLICATION, DISTRIBUTION, ETC.
Place of publication, distribution, etc. Watford
Name of publisher, distributor, etc. BRE
Date of publication, distribution, etc. 2012
300 ## - PHYSICAL DESCRIPTION
Extent 12p.
Other physical details ill.
Dimensions 30cm.
490 #0 - SERIES STATEMENT
Series statement BRE Information Paper
Volume/sequential designation (7/12)
520 ## - SUMMARY, ETC.
Summary, etc. Provides information to product manufacturers and product specifiers on the relationship between LCA and REACH.
521 ## - TARGET AUDIENCE NOTE
Target audience note Advanced
590 ## - LOCAL NOTE (RLIN)
Local note KA
651 #4 - SUBJECT ADDED ENTRY--GEOGRAPHIC NAME
Geographic name United Kingdom
Chronological subdivision
690 ## - LOCAL SUBJECT ADDED ENTRY--TOPICAL TERM (OCLC, RLIN)
Topical term or geographic name as entry element Building regulations
9 (RLIN) 6224
700 1# - ADDED ENTRY--PERSONAL NAME
Personal name Livesey, Katie
942 ## - ADDED ENTRY ELEMENTS (KOHA)
Suppress in OPAC 0
Holdings
Withdrawn status Lost status Source of classification or shelving scheme Damaged status Not for loan Home library Current library Shelving location Date acquired Total Checkouts Full call number Barcode Date last seen Copy number Price effective from Koha item type
    Dewey Decimal Classification     London London BRE publications 13/04/2012   BRE INFORMATION PAPER 30077422 06/08/2019 1 06/08/2019 Book